000 00289nam a22001337a 4500
082 _a823
_bPRA/T
100 _aPRABITHA
100 _aNATH, SURESH
245 _aA TREASURE OF TALE II
260 _aDELHI
_bS CHAND & CO
_c1997
300 _a74
650 _aENGLISH STORY
_zINDIA
942 _cBK
999 _c7315
_d7315